Ensaio avançado de controle interno : (Record no. 798)

MARC details
000 -LÍDER
Campo Fixo de Controle 00825nam a2200241 a 4500
001 - NÚMERO DE CONTROLE
Campo de Controle 798
003 - IDENTIFICAÇÃO DO NÚMERO DE CONTROLE
Campo de Controle BR-CuiBMT
005 - DATA E HORA DA ÚLTIMA ATUALIZAÇÃO
Campo de Controle 20231213130626.0
008 - DADOS FIXOS
Dados Fixos 231117s2016 mgb 000 0 por d
020 ## - INTERNATIONAL STANDARD BOOK NUMBER
Nº do ISBN 9788545001058
040 ## - AGÊNCIA CATALOGADORA
Código da Agência Catalogadora BR-CuiBMT
Agência que transcreveu o registro BR-CuiBMT
080 ## - Nº DA CLASSIFICAÇÃO DECIMAL UNIVERSAL
Nº Class. CDU 351.9
Nº edição CDU 2007
090 ## - NÚMERO DE CHAMADA
Nº classificação 351.9
Cutter C355e
100 1# - ENTRADA PRINCIPAL -- AUTOR PESSOAL
Nome pessoal Castro, Rodrigo Pironti Aguirre de,
Datas associadas ao nome 1981-
245 10 - TÍTULO PRINCIPAL
Título principal Ensaio avançado de controle interno :
Subtítulo profissionalização e responsividade /
Indicação de responsabilidade Rodrigo Pironti Aguirre de Castro ; prefácio: Romeu Felipe Bacellar Filho.
260 ## - PUBLICAÇÃO, DISTRIBUIÇÃO, ETC.
Local de publicação Belo Horizonte :
Editora Fórum,
Data 2016.
300 ## - DESCRIÇÃO FÍSICA
N. páginas ou volumes 271 p. ;
Dimensões 22 cm
504 ## - NOTA DE BIBLIOGRAFIA, ETC.
Nota de bibliografia Inclui bibliografia.
590 ## - NOTA LOCAL
Nota local A Biblioteca possui a 1. reimpr. 2016.
650 ## - ASSUNTO TÓPICO
Cabeçalho tópico ou nome geográfico Controle interno
Subdivisão geográfica Brasil
650 ## - ASSUNTO TÓPICO
Cabeçalho tópico ou nome geográfico Administração pública
Subdivisão geral Controle
Subdivisão geográfica Brasil
942 ## - ELEMENTOS DE ENTRADA ADICIONAIS (KOHA)
Fonte de classificação ou esquema de arquivamento Classificação Decimal Universal
Tipo de item do Koha Livros
Holdings
Estado: removido Estado: perdido Fonte de classificação ou esquema de arquivamento Estado: danificado Indisponível para empréstimo Localização permanente Localização atual Data de aquisição Total Checkouts Número de Chamada completo Código de barras Date last seen Número do exemplar Preço efetivo a partir de Tipo de item (Koha) Nota pública
    Classificação Decimal Universal     Biblioteca da Escola Superior de Contas do TCE/MT Biblioteca da Escola Superior de Contas do TCE/MT 12/08/2019   351.9 C355e BIBTCEMT23110727 17/11/2023 Ex. 1 17/11/2023 Livros 1. reimpr. 2016
    Classificação Decimal Universal     Biblioteca da Escola Superior de Contas do TCE/MT Biblioteca da Escola Superior de Contas do TCE/MT 12/08/2019   351.9 C355e BIBTCEMT23110728 17/11/2023 Ex. 2 17/11/2023 Livros 1. reimpr. 2016

Powered by Koha